000 00799 a2200241 4500
003 Nust
005 20240808101956.0
010 _a 73175227
020 _a0072658644
_apbk
040 _cNust
082 0 0 _a552.5,PET
100 1 _aPettijohn, F. J.
_925533
245 1 0 _aSand and sandstone /
_cF.J. Pettijohn, P.E. Potter& R. Siever.
250 _a2nd ed
260 _aNew York,
_bSpringer-Verlag,
_c1986.
300 _axvi, 618 p.
_billus.
_c25 cm.
505 _aPart-1: The Fundamental Properties of Sandstones (Page-25), Part-2: The Petrographic of Sandstones (Page-139), Part-3: Processes That from Sand and Sandstone (Page-251).
650 0 _aSand.
_92390
650 0 _aSandstone.
_92391
700 1 _aPotter, Paul Edwin,
_92392
700 1 _aSiever, Raymond,
_92393
942 _2ddc
_cBK
999 _c178444
_d178444